书目信息 |
| 题名: |
把握冲动
|
|
| 作者: | 曹宝泉主编 , 曹宝泉 ;曹宝泉主编 | |
| 分册: | ||
| 出版信息: | 石家庄 河北美术出版社 2002 |
|
| 页数: | 138页 | |
| 开本: | 21cm | |
| 丛书名: | 美术教学新理念“名师讲座”系列丛书 | |
| 单 册: | ||
| 中图分类: | J204 | |
| 科图分类: | ||
| 主题词: | 绘画--hui hua--创作方法 | |
| 电子资源: | ||
| ISBN: | 7-5310-1922-1 | |
| 000 | 00895nam 2200265 450 | |
| 001 | 0000143817 | |
| 005 | 20070718170044.84 | |
| 010 | @a7-5310-1922-1@dCNY38.00 | |
| 100 | @a20021114d2002 ekmy0chiy0121 ea | |
| 101 | 0 | @achi |
| 102 | @aCN@b130000 | |
| 105 | @aa z 000yy | |
| 200 | 1 | @a把握冲动@Aba wo chong dong@e七嘴八舌说创作@f曹宝泉主编@FCao Bao Quan Zhu Bian |
| 210 | @a石家庄@c河北美术出版社@d2002 | |
| 215 | @a138页@c图 (部分彩图)@d21cm | |
| 225 | 0 | @a美术教学新理念“名师讲座”系列丛书@Amei shu jiao xue xin li nian“ ming shi jiang zuo” xi lie cong shu |
| 410 | 0 | @12001 @a美术教学新理念名师讲座系列丛书 |
| 517 | 1 | @a七嘴八舌说创作@Aqi zui ba she shuo chuang zuo |
| 606 | 0 | @a绘画@Ahui hua@x创作方法 |
| 690 | @aJ204@v4 | |
| 701 | 0 | @a曹宝泉主编 |
| 701 | 0 | @a曹宝泉@Acao bao quan@4主编 |
| 702 | 0 | @a曹宝泉主编 |
| 801 | 0 | @aCN@bPFT@c20070718 |
| 905 | @a10447@dJ204@e499 | |
| 把握冲动:七嘴八舌说创作/曹宝泉主编.-石家庄:河北美术出版社,2002 |
| 138页:图 (部分彩图);21cm.-(美术教学新理念“名师讲座”系列丛书) |
| ISBN 7-5310-1922-1:CNY38.00 |
| ● |
| 相关链接 |
|
|
|
|
正题名:把握冲动
索取号:J204/499
 
预约/预借
| 序号 | 登录号 | 条形码 | 馆藏地/架位号 | 状态 | 备注 |
| 1 | 0780466 | 207804660 | 第一样本阅览室/ [索取号:J204/499] | 在馆 | |
| 2 | 0780467 | 207804679 | 第一借阅区/ [索取号:J204/499] | 在馆 | |
| 3 | 0780468 | 207804688 | 第一借阅区/ [索取号:J204/499] | 在馆 | |
| 4 | 0780469 | 207804697 | 第一借阅区/ [索取号:J204/499] | 在馆 | |
| 5 | 0780470 | 207804704 | 第一借阅区/ [索取号:J204/499] | 在馆 | |
| 6 | 0780471 | 207804713 | 第一借阅区/ [索取号:J204/499] | 在馆 |